00908cam a22002292 4500001001100000005001700011008004100028020002800069040001500097050001500112245015400127260005900281300002600340650003300366650003500399650003800434710007400472908001100546950000600557999001500563952010000578000000315320151217151916.0070430s xx 000 0 eng d a0192861867 :cKES 1,500 aKABUcKABU 0aHN25b.C3710aCaring for the future :bmaking the next decades provide a life worth living: report of the Independent Commission on Population and Quality of life. aOxford ;aNew York :bOxford University Press,cc1996. axiv, 359 p. ;c20 cm. 0aQuality of life.@0000145926 0aPopulation policy.@0000121548 0aWomen in development.@00001528332 aIndependent Commission on Population and Quality of Life.@0000152834 a070430 @1 c6255d6255 00102lcc70aKABUbKABUd2015-12-17l0oHN25 .C37p007706r2015-12-17 00:00:00w2015-12-17yBK